Compendium of bank on how to spot a con artist: A handbook for fraud investigators, bankers and other custodians of the public trust (Record no. 34655)

MARC details
000 -LEADER
fixed length control field 00450nam a2200133Ia 4500
082 ## - DEWEY DECIMAL CLASSIFICATION NUMBER
Classification number 343.1
Item number CAR
100 ## - MAIN ENTRY--AUTHOR NAME
Personal name CAREY, Mary
245 #0 - TITLE STATEMENT
Title Compendium of bank on how to spot a con artist: A handbook for fraud investigators, bankers and other custodians of the public trust
260 ## - PUBLICATION, DISTRIBUTION, ETC. (IMPRINT)
Place of publication Illinois
Name of publisher Charles C Thomas
Year of publication s1976
650 ## - SUBJECT ADDED ENTRY--TOPICAL TERM
Topical Term Fraud investigation
700 ## - ADDED ENTRY--PERSONAL NAME
Personal name SHERMAN, George
942 ## - ADDED ENTRY ELEMENTS (KOHA)
Koha item type Books
Holdings
Withdrawn status Lost status Damaged status Not for loan Home library Current library Date acquired Full call number Accession Number Koha item type
        RRII Library RRII Library 16/12/2021 343.1 CAR 15084 Books